| 000 | 01247nam a2200265 a 4500 | ||
|---|---|---|---|
| 001 | 000723706 | ||
| 003 | AM-YeHGA | ||
| 005 | 20250617142957.0 | ||
| 008 | 100325s1977 ||||||||r|||||000|0|rus|d | ||
| 040 | _aAM-YeHGA | ||
| 041 | 1 | _arus | |
| 245 | 0 | 0 |
_aГенетический контроль иммунного ответа. Связь с предрасположенностью к болезням / _cРед.: Х. Макдевитт, М. Лэнди; Пер.: В.И. Литвинов, А.М. Мороз. |
| 260 |
_aМосква : _bМедицина, _c1977. |
||
| 300 |
_a384 с. : _bил., табл. ; _c24 см. |
||
| 534 |
_pОригинал на англ. _iGenetic Control of Immune Responsiveness. Relationship to Disease Susceptibility. - _cNew York; London, 1972. |
||
| 650 | 1 | 4 | _aГенетическая предрасположенность к болезни |
| 650 | 1 | 4 | _aИммунитет |
| 650 | 1 | 4 | _aИммунный контороль |
| 650 | 1 | 4 | _aГенетические исследования |
| 700 | 1 |
_aМакдевитт, Х. _eред. _4edt |
|
| 700 | 1 |
_aЛэнди, М. _eред. _4edt |
|
| 700 | 1 |
_aЛитвинов, В.И. _eпер. _4trl |
|
| 700 | 1 |
_aМороз, А.М. _eпер. _4trl |
|
| 090 | _c269045 | ||
| 999 |
_c267410 _d267410 |
||